[Event "DEM U12w 2019"]
[Site "Willingen GER"]
[Date "2019.06.15"]
[Round "9"]
[White "Voigt, Anastasia"]
[Black "Ulrich, Helena Irene"]
[Result "1-0"]
[Termination "normal"]
[Board "9"]
[WhiteElo "1447"]
[BlackElo "1514"]
[WhiteClock "00:26:33"]
[BlackClock "01:02:42"]
[PlyCount "87"]
[WhiteFideId "16235223"]
[BlackFideId "16256000"]
[EventCountry "GER"]
[EventRounds "9"]
[EventType "swiss"]
[EventDate "2019.06.08"]

1. e4 {[%clk 1:30:59]} 1... c5 {[%clk 1:30:53]} 2. Nf3 {[%clk 1:31:24]} 2...
Nc6 {[%clk 1:31:18]} 3. d4 {[%clk 1:31:44]} 3... cxd4 {[%clk 1:31:43]} 4. Nxd4
{[%clk 1:32:05]} 4... Nf6 {[%clk 1:32:08]} 5. Nc3 {[%clk 1:32:25]} 5... e5 {
[%clk 1:32:34]} 6. Ndb5 {[%clk 1:32:23]} 6... d6 {[%clk 1:32:57]} 7. Bg5 {
[%clk 1:32:32]} 7... a6 {[%clk 1:33:19]} 8. Na3 {[%clk 1:32:38]} 8... b5 {
[%clk 1:33:38]} 9. Nd5 {[%clk 1:32:47]} 9... Be7 {[%clk 1:33:48]} 10. Bxf6 {
[%clk 1:32:58]} 10... Bxf6 {[%clk 1:34:11]} 11. c3 {[%clk 1:33:09]} 11... O-O {
[%clk 1:34:18]} 12. h4 {[%clk 1:33:06]} 12... Rb8 {[%clk 1:33:25]} 13. Nc2 {
[%clk 1:30:40]} 13... Be6 {[%clk 1:31:52]} 14. Nce3 {[%clk 1:26:52]} 14... Be7
{[%clk 1:29:20]} 15. g3 {[%clk 1:07:21]} 15... Qd7 {[%clk 1:23:24]} 16. Be2 {
[%clk 0:59:30]} 16... Bd8 {[%clk 1:17:45]} 17. O-O {[%clk 0:56:00]} 17... Bb6 {
[%clk 1:11:44]} 18. b3 {[%clk 0:47:25]} 18... Bxd5 {[%clk 1:05:44]} 19. Nxd5 {
[%clk 0:46:14]} 19... Ne7 {[%clk 1:01:29]} 20. a4 {[%clk 0:39:59]} 20... Ng6 {
[%clk 0:53:29]} 21. Kg2 {[%clk 0:36:05]} 21... Bc5 {[%clk 0:49:33]} 22. b4 {
[%clk 0:34:54]} 22... Bb6 {[%clk 0:48:28]} 23. axb5 {[%clk 0:33:38]} 23... axb5
{[%clk 0:48:37]} 24. h5 {[%clk 0:32:49]} 24... Ne7 {[%clk 0:47:29]} 25. Bxb5 {
[%clk 0:28:38]} 25... Qd8 {[%clk 0:46:44]} 26. Bc4 {[%clk 0:28:01]} 26... Nxd5
{[%clk 0:45:10]} 27. Bxd5 {[%clk 0:27:08]} 27... Qc7 {[%clk 0:43:07]} 28. Qf3 {
[%clk 0:26:10]} 28... Rbc8 {[%clk 0:41:03]} 29. Rac1 {[%clk 0:24:59]} 29... Qd7
{[%clk 0:40:04]} 30. Rfd1 {[%clk 0:24:52]} 30... Rfd8 {[%clk 0:39:38]} 31. c4 {
[%clk 0:24:34]} 31... Bd4 {[%clk 0:39:06]} 32. Qe2 {[%clk 0:20:28]} 32... Kh8 {
[%clk 0:38:13]} 33. f4 {[%clk 0:18:58]} 33... f5 {[%clk 0:37:15]} 34. exf5 {
[%clk 0:18:14]} 34... Qxf5 {[%clk 0:37:32]} 35. fxe5 {[%clk 0:16:47]} 35...
Bxe5 {[%clk 0:37:41]} 36. b5 {[%clk 0:14:25]} 36... Rb8 {[%clk 0:37:11]} 37.
Rb1 {[%clk 0:14:04]} 37... Qg5 {[%clk 0:37:08]} 38. Rb3 {[%clk 0:11:48]} 38...
Rf8 {[%clk 0:36:37]} 39. Kh3 {[%clk 0:05:12]} 39... Rf5 {[%clk 0:35:30]} 40. g4
{[%clk 0:02:47]} 40... Rf4 {[%clk 0:34:38]} 41. Rf1 {[%clk 0:00:43]} 41... Rbf8
{[%clk 0:33:56]} 42. Rxf4 {[%clk 0:29:18]} 42... Rxf4 {[%clk 1:03:38]} 43. b6 {
[%clk 0:28:30]} 43... Qf6 {[%clk 1:02:42]} 44. b7 {[%clk 0:26:33]} 1-0

[Event "DEM U12w 2019"]
[Site "Willingen GER"]
[Date "2019.06.15"]
[Round "9"]
[White "Petrosyan, Ani"]
[Black "Hoffmann, Sophia"]
[Result "1-0"]
[Termination "normal"]
[Board "10"]
[WhiteElo "1378"]
[BlackElo "1347"]
[PlyCount "71"]
[WhiteFideId "16248015"]
[BlackFideId "16259130"]
[EventCountry "GER"]
[EventRounds "9"]
[EventType "swiss"]
[EventDate "2019.06.08"]

1. Nf3 d5 2. e3 c5 3. c4 e6 4. d4 Nc6 5. Nc3 Nf6 6. cxd5 exd5 7. Be2 Bf5 8. O-O
Bd6 9. dxc5 Bxc5 10. b3 O-O 11. Bb2 a6 12. Rc1 Qd6 13. Qd2 Rad8 14. Rfd1 Rfe8
15. Na4 Bb4 16. Bc3 Ne4 17. Bxb4 Nxb4 18. Qb2 Rc8 19. a3 Nc6 20. Nb6 Rc7 21.
Rxd5 Qe6 22. Bc4 Kf8 23. Rd7 Qf6 24. Qxf6 Nxf6 25. Rxc7 Na5 26. Rxf7+ Kg8 27.
Rxf6+ Nxc4 28. Rxf5 Nxb6 29. Rc7 Rd8 30. Kf1 h6 31. Rxb7 Nd5 32. Rff7 Nc3 33.
Rxg7+ Kh8 34. Rgd7 Ra8 35. Ne5 Rg8 36. Rh7# 1-0

[Event "DEM U12w 2019"]
[Site "Willingen GER"]
[Date "2019.06.15"]
[Round "9"]
[White "Glowiak, Alexandra"]
[Black "Labuda, Annika"]
[Result "1/2-1/2"]
[Termination "normal"]
[Board "11"]
[WhiteElo "1439"]
[BlackElo "1251"]
[PlyCount "90"]
[WhiteFideId "16259530"]
[BlackFideId "16261453"]
[EventCountry "GER"]
[EventRounds "9"]
[EventType "swiss"]
[EventDate "2019.06.08"]

1. e4 e5 2. Nf3 Nc6 3. Bc4 Bc5 4. d3 Nf6 5. c3 a5 6. Bb3 d6 7. h3 Be6 8. Bxe6
fxe6 9. O-O h6 10. Re1 O-O 11. d4 exd4 12. cxd4 Bb4 13. Bd2 Bxd2 14. Qxd2 Re8
15. Nc3 Qd7 16. d5 exd5 17. exd5 Ne7 18. Rad1 Ng6 19. Qd4 b6 20. Qc4 Rac8 21.
Nb5 Rxe1+ 22. Rxe1 Kh8 23. Na7 Ra8 24. Nc6 Re8 25. Rxe8+ Qxe8 26. Na7 Qf7 27.
Nb5 Qxd5 28. Qxd5 Nxd5 29. Nfd4 Ngf4 30. b3 Kg8 31. h4 Kf7 32. g3 Ne6 33. Nxe6
Kxe6 34. Kf1 c6 35. Nd4+ Kd7 36. Nf5 Nc3 37. a4 g5 38. h5 Ne4 39. Nxh6 Nf6 40.
g4 Ke6 41. f3 b5 42. Nf5 bxa4 43. bxa4 c5 44. h6 d5 45. Kf2 d4 1/2-1/2

[Event "DEM U12w 2019"]
[Site "Willingen GER"]
[Date "2019.06.15"]
[Round "9"]
[White "Sens, Gerda"]
[Black "Ramien, Hannah"]
[Result "1-0"]
[Termination "normal"]
[Board "12"]
[WhiteElo "1018"]
[BlackElo "1296"]
[PlyCount "25"]
[WhiteFideId "16287029"]
[BlackFideId "16209982"]
[EventCountry "GER"]
[EventRounds "9"]
[EventType "swiss"]
[EventDate "2019.06.08"]

1. e4 e5 2. Nf3 Nc6 3. Bc4 Nf6 4. Ng5 d5 5. exd5 Nd4 6. c3 Nf5 7. O-O Nxd5 8.
Re1 Qxg5 9. Rxe5+ Nde7 10. d4 Qf6 11. Nd2 g6 12. Ne4 Qc6 13. Bb5 1-0

[Event "DEM U12w 2019"]
[Site "Willingen GER"]
[Date "2019.06.15"]
[Round "9"]
[White "Kosak, Karolina"]
[Black "Peglau, Dora"]
[Result "0-1"]
[Termination "normal"]
[Board "13"]
[WhiteElo "1139"]
[BlackElo "1336"]
[PlyCount "98"]
[WhiteFideId "14640503"]
[BlackFideId "16220005"]
[EventCountry "GER"]
[EventRounds "9"]
[EventType "swiss"]
[EventDate "2019.06.08"]

1. e4 c6 2. d4 d5 3. exd5 cxd5 4. Bd3 Nf6 5. c3 Nc6 6. Bf4 Bg4 7. Qb3 Qd7 8.
Nd2 e6 9. Ngf3 Bd6 10. Bxd6 Qxd6 11. O-O O-O 12. Rae1 Bh5 13. Ne5 Rab8 14. Qc2
Rfc8 15. Nb3 Nb4 16. Qb1 Nxd3 17. Qxd3 Bg6 18. Nxg6 hxg6 19. Re3 b5 20. Nc5 Nd7
21. b4 Nxc5 22. bxc5 Qa6 23. Ra1 Qa4 24. Re2 b4 25. Rb2 bxc3 26. Rxb8 Rxb8 27.
Qxc3 Rb4 28. Rc1 Rxd4 29. Qb3 Qxb3 30. axb3 Rb4 31. c6 Rb8 32. b4 a6 33. f3 Kf8
34. c7 Rc8 35. Rc6 Ke7 36. Kf2 Kd7 37. Rxa6 Rxc7 38. Ra2 Kc6 39. Rc2+ Kb6 40.
Rxc7 Kxc7 41. Ke3 e5 42. f4 f6 43. g4 Kc6 44. h4 Kb5 45. g5 exf4+ 46. Kxf4 Kxb4
47. Ke3 Kc3 48. Ke2 d4 49. Ke1 Kc2 0-1

[Event "DEM U12w 2019"]
[Site "Willingen GER"]
[Date "2019.06.15"]
[Round "9"]
[White "Stepanjan, Marianne"]
[Black "Vianden, Ella"]
[Result "1/2-1/2"]
[Termination "normal"]
[Board "14"]
[WhiteElo "1312"]
[BlackElo "1328"]
[PlyCount "82"]
[WhiteFideId "16246110"]
[BlackFideId "16235592"]
[EventCountry "GER"]
[EventRounds "9"]
[EventType "swiss"]
[EventDate "2019.06.08"]

1. e4 e5 2. Nf3 Nc6 3. Bb5 Nf6 4. O-O Be7 5. Re1 O-O 6. Bxc6 dxc6 7. Nxe5 Qd4
8. Nf3 Qd8 9. d4 Bg4 10. c3 c5 11. d5 Re8 12. c4 a6 13. Nc3 Bd6 14. h3 Bxf3 15.
Qxf3 Qe7 16. Bf4 Bxf4 17. Qxf4 Rad8 18. e5 Nd7 19. e6 Nf6 20. Re3 fxe6 21. Rxe6
Qf7 22. Rae1 c6 23. Rxe8+ Rxe8 24. Rxe8+ Qxe8 25. Qe3 Qxe3 26. fxe3 Kf7 27.
dxc6 bxc6 28. Kf2 Ke6 29. Na4 Ne4+ 30. Ke2 g6 31. Nc3 Nxc3+ 32. bxc3 Ke5 33.
Kf3 h5 34. g4 hxg4+ 35. hxg4 g5 36. a3 Kf6 37. Ke4 Ke6 38. Kd3 Kd6 39. Ke4 Ke6
40. Kf3 Kf6 41. Ke4 Ke6 1/2-1/2

[Event "DEM U12w 2019"]
[Site "Willingen GER"]
[Date "2019.06.15"]
[Round "9"]
[White "Sohr, Luna"]
[Black "Eichhorn, Mathilda Sophie"]
[Result "1/2-1/2"]
[Termination "normal"]
[Board "15"]
[WhiteElo "1357"]
[BlackElo "1452"]
[PlyCount "45"]
[WhiteFideId "16251261"]
[BlackFideId "16242289"]
[EventCountry "GER"]
[EventRounds "9"]
[EventType "swiss"]
[EventDate "2019.06.08"]

1. e4 e6 2. d3 d5 3. Nd2 c5 4. Ngf3 Nc6 5. g3 Nf6 6. Bg2 b6 7. O-O Be7 8. e5
Nd7 9. Re1 O-O 10. Nf1 Qc7 11. Bf4 Bb7 12. h4 Rad8 13. N1h2 h5 14. c3 g6 15. d4
c4 16. Bh3 Kg7 17. Qd2 Rh8 18. Ng5 Nf8 19. Qe3 Qd7 20. Qe2 b5 21. Qf3 Qe8 22.
Rad1 Bc8 23. Qe2 1/2-1/2

[Event "DEM U12w 2019"]
[Site "Willingen GER"]
[Date "2019.06.15"]
[Round "9"]
[White "Müller, Eva"]
[Black "Leongardt, Adel"]
[Result "0-1"]
[Termination "normal"]
[Board "16"]
[WhiteElo "1031"]
[BlackElo "1179"]
[PlyCount "106"]
[WhiteFideId "16286995"]
[BlackFideId "16256549"]
[EventCountry "GER"]
[EventRounds "9"]
[EventType "swiss"]
[EventDate "2019.06.08"]

1. e4 g6 2. d4 Bg7 3. Nf3 d6 4. Be3 Nd7 5. Be2 Ngf6 6. Nc3 O-O 7. O-O e5 8.
dxe5 Nxe5 9. Nxe5 dxe5 10. Qxd8 Rxd8 11. Bg5 Rd4 12. Rad1 Be6 13. Rxd4 exd4 14.
Bxf6 Bxf6 15. Nb5 c5 16. Nc7 Rc8 17. Nxe6 fxe6 18. Bc4 Rc6 19. Re1 Rb6 20. b3
Kg7 21. e5 Bg5 22. Re4 Bd2 23. Rg4 a6 24. f4 Rc6 25. Bd3 b5 26. c4 b4 27. f5
exf5 28. Bxf5 h5 29. Bd7 Rc7 30. e6 Kf6 31. Re4 Be3+ 32. Kf1 Ke7 33. Ke2 Rb7
34. h3 Rb8 35. g4 Rf8 36. gxh5 gxh5 37. Re5 Rf2+ 38. Kd3 Rxa2 39. Rxc5 Ra3 40.
Rxh5 Rxb3+ 41. Ke4 Rb1 42. Rh7+ Kd8 43. e7+ Kxd7 44. Ke5 Bg5 45. Kxd4 Rd1+ 46.
Kc5 Bxe7+ 47. Kb6 Rd4 48. c5 Ke8 49. c6 Bd8+ 50. c7 Bxc7+ 51. Rxc7 b3 52. Kxa6
b2 53. Rb7 Ra4+ 0-1

[Event "DEM U12w 2019"]
[Site "Willingen GER"]
[Date "2019.06.15"]
[Round "9"]
[White "Hengst, Sarah"]
[Black "Alhassan, Jodi"]
[Result "1-0"]
[Termination "normal"]
[Board "17"]
[WhiteElo "958"]
[BlackElo "1108"]
[PlyCount "23"]
[WhiteFideId "16286030"]
[BlackFideId "16250460"]
[EventCountry "GER"]
[EventRounds "9"]
[EventType "swiss"]
[EventDate "2019.06.08"]

1. e4 c5 2. Nc3 d6 3. f4 Nc6 4. Nf3 Bg4 5. Bb5 e6 6. h3 Bxf3 7. Qxf3 a6 8.
Bxc6+ bxc6 9. O-O Nf6 10. e5 dxe5 11. fxe5 Nd5 12. Qxf7# 1-0

[Event "DEM U12w 2019"]
[Site "Willingen GER"]
[Date "2019.06.15"]
[Round "9"]
[White "Scheiding, Sophia"]
[Black "I., Natascha"]
[Result "0-1"]
[Termination "normal"]
[Board "18"]
[WhiteElo "1133"]
[BlackElo "1210"]
[PlyCount "96"]
[WhiteFideId "16287010"]
[BlackFideId "16257545"]
[EventCountry "GER"]
[EventRounds "9"]
[EventType "swiss"]
[EventDate "2019.06.08"]

1. e4 e5 2. Nf3 Nc6 3. d4 exd4 4. Bc4 Nf6 5. O-O Nxe4 6. Re1 d5 7. Bxd5 Qxd5 8.
Nc3 Qh5 9. Nxe4 Be6 10. Neg5 O-O-O 11. Nxe6 fxe6 12. Rxe6 Bd6 13. Bg5 Rdf8 14.
Bd2 h6 15. Nxd4 Qxd1+ 16. Rxd1 Nxd4 17. Re4 Nc6 18. Rde1 Bc5 19. Be3 Bd6 20. a3
Re8 21. Bd2 Rxe4 22. Rxe4 Rd8 23. Bc3 Bf8 24. b4 Rd1+ 25. Re1 Rxe1+ 26. Bxe1
Nd4 27. c3 Nc2 28. Bd2 Nxa3 29. g3 Be7 30. Kg2 Bf6 31. c4 Nxc4 32. Bf4 b5 33.
h4 Be7 34. Kh3 Bxb4 35. Kg4 Bf8 36. Kf5 b4 37. Ke4 b3 38. Kd3 b2 39. Kc2 a5 40.
Kb1 a4 41. g4 Bc5 42. f3 Bd4 43. g5 Na3+ 44. Ka2 b1=Q+ 45. Kxa3 Qb2+ 46. Kxa4
Bc5 47. Ka5 Qb4+ 48. Ka6 Qb6# 0-1

[Event "DEM U12w 2019"]
[Site "Willingen GER"]
[Date "2019.06.15"]
[Round "9"]
[White "Heuberger, Sandra"]
[Black "Wille, Melanie"]
[Result "1-0"]
[Termination "normal"]
[Board "19"]
[WhiteElo "1077"]
[BlackElo "1083"]
[PlyCount "67"]
[WhiteFideId "16232151"]
[BlackFideId "16287037"]
[EventCountry "GER"]
[EventRounds "9"]
[EventType "swiss"]
[EventDate "2019.06.08"]

1. d4 d5 2. c4 e6 3. Nc3 Nf6 4. Bg5 Be7 5. e3 c5 6. Nf3 Bd6 7. Bd3 Nbd7 8. O-O
O-O 9. Re1 b6 10. e4 cxd4 11. Nxd4 e5 12. Nf5 d4 13. Nxd6 dxc3 14. bxc3 Nc5 15.
Bc2 Nb7 16. Nxb7 Bxb7 17. Qf3 Rc8 18. Rad1 Qe7 19. Qg3 g6 20. Qh4 Rc6 21. Ba4
Re6 22. Rd7 Qa3 23. Rxb7 Qxa4 24. Bxf6 Qxa2 25. Re7 Rc6 26. Bxe5 Re6 27. Rxe6
fxe6 28. Rf1 Qa5 29. Bd4 e5 30. Be3 Qxc3 31. Qh3 Qb2 32. Bh6 Rf7 33. Qc8+ Rf8
34. Qxf8# 1-0

[Event "DEM U12w 2019"]
[Site "Willingen GER"]
[Date "2019.06.15"]
[Round "9"]
[White "Reddi, Bhuvana"]
[Black "Haarmann, Belanna"]
[Result "1-0"]
[Termination "normal"]
[Board "20"]
[WhiteElo "1090"]
[BlackElo "1065"]
[PlyCount "29"]
[WhiteFideId "16287002"]
[BlackFideId "16273508"]
[EventCountry "GER"]
[EventRounds "9"]
[EventType "swiss"]
[EventDate "2019.06.08"]

1. e4 e5 2. Nf3 Nc6 3. Nc3 Nf6 4. d4 exd4 5. Nxd4 Bb4 6. Nxc6 bxc6 7. Bd3 O-O
8. O-O d5 9. exd5 cxd5 10. Bg5 Bb7 11. Qf3 c6 12. Qg3 Nh5 13. Qh4 Nf6 14. Bxf6
Qxf6 15. Qxh7# 1-0